00481 a2200169 450000100060000002000060000604000370001210000310004924000320008024500270011230000070013936200090014665000310015594200070018695201010019399900170029471778 a  cAnchieta - Colégio São Paulo aNicolelis, Giselda Laporta10aA esperança de Pedrolpor10aA esperança de Pedro a230 a1989 4aLiteratura infanto-juvenil cBK 00104070a88.1b88.1d2023-11-22l0o028.5 N642p1015/CSPr2023-11-22 14:28:02w2023-11-22yBK c71778d71778